000 00502pab a2200169 454500
008 180718b2005 xxu||||| |||| 00| 0 eng d
100 _aHarwit, Eric
245 _aTelecommunications and the internet in Shanghai: political and economic factors shaping the network in a Chinese city
260 _c2005
300 _ap.1837-858.
362 _aSep
650 _aInternet - China
650 _aTelecommunications - China
650 _aTelecommunications
773 _aUrban Studies
909 _a67182
999 _c67182
_d67182